000 00582cam a2200217 4500
001 J2325
008 090401t xxu||||| |||| 00| 0 eng d
035 _a(Sirsi) u48383
041 _aeng
050 _a333.33709421
110 _aRichard Ellis
_91875
245 _aLondon market bulletin : City office market. - First quarter 1994 - Fourth quarter 1994
260 _aLondon
_bRichard Ellis
_c1994-95
300 _a4 pt. ; 30cm.
350 _a0
650 _aCITY OF LONDON
650 _aOFFICES
690 _aPROPERTY-COMMERCIAL PROPERTY
942 _n0
948 _c04/03/1997
999 _c92326
_d92326